Great Books of Islamic Civilization / (Record no. 31557)
[ view plain ]
| 000 -LEADER | |
|---|---|
| fixed length control field | 00619nam a22001817a 4500 |
| 003 - CONTROL NUMBER IDENTIFIER | |
| control field | BDDh-ASL |
| 005 - DATE AND TIME OF LATEST TRANSACTION | |
| control field | 20231015031303.0 |
| 008 - FIXED-LENGTH DATA ELEMENTS--GENERAL INFORMATION | |
| fixed length control field | 230331s1989 b ||||| |||| 00| 0 e d |
| 040 ## - CATALOGING SOURCE | |
| Original cataloging agency | BDDh-ASL |
| Transcribing agency | BDDh-ASL |
| 041 ## - LANGUAGE CODE | |
| Language code of text/sound track or separate title | eng |
| 082 ## - DEWEY DECIMAL CLASSIFICATION NUMBER | |
| Classification number | 909.297 |
| Item number | BAG |
| 100 1# - MAIN ENTRY--PERSONAL NAME | |
| Personal name | Baloch, N. A. |
| 9 (RLIN) | 7798 |
| 245 10 - TITLE STATEMENT | |
| Title | Great Books of Islamic Civilization / |
| 260 ## - PUBLICATION, DISTRIBUTION, ETC. | |
| Place of publication, distribution, etc. | Islamabad : |
| Name of publisher, distributor, etc. | Pakistan Hijra Council, |
| Date of publication, distribution, etc. | 1989. |
| 300 ## - PHYSICAL DESCRIPTION | |
| Extent | 221 p. : |
| Dimensions | 26 cm. |
| 650 #0 - SUBJECT ADDED ENTRY--TOPICAL TERM | |
| Topical term or geographic name entry element | Islamic History (ইসলামের ইতিহাস), Islamic Civilization, ইসলামী সভ্যতা, Isalāmī sabhyatā |
| 9 (RLIN) | 5885 |
| 942 ## - ADDED ENTRY ELEMENTS (KOHA) | |
| Source of classification or shelving scheme | Dewey Decimal Classification |
| Koha item type | Books |
| Withdrawn status | Lost status | Source of classification or shelving scheme | Damaged status | Not for loan | Collection code | Home library | Current library | Shelving location | Date acquired | Source of acquisition | Total Checkouts | Full call number | Barcode | Date last seen | Copy number | Price effective from | Koha item type | Public note |
|---|---|---|---|---|---|---|---|---|---|---|---|---|---|---|---|---|---|---|
| Dewey Decimal Classification | Non-fiction | Asiatic Society Library | Asiatic Society Library | General Stacks | 03/31/2023 | Donated by Mr. Mofidul Hoque | 909.297 BAG | 120248 | 03/31/2023 | C-1 | 03/31/2023 | Books | Y-1989 |